LEADER 01456nam0-22004811--450- 001 990006279740403321 005 20051206095012.0 010 $a88-14-05524-6 035 $a000627974 035 $aFED01000627974 035 $a(Aleph)000627974FED01 035 $a000627974 100 $a20000112d1996----km-y0itay50------ba 101 0 $aita 102 $aIT 105 $ay---n---001cy 200 1 $a<>appalto di opere pubbliche$emanuale teorico-pratico di legislazione, giurisprudenza e dottrina$eregole e procedure, principi generali, scelta del contraente, gestione dei contratti dal 1865 ad oggi$fGuido Elmosi, Mario Rotondi 205 $a2. ed. 210 $aMilano$cGiuffrè$d1996 215 $aXVII, 585 p.$d24 cm 225 1 $aCosa & come$iCasa e territorio 610 0 $aOpere pubbliche$aAppalti 610 0 $aImprese 676 $a344.45 676 $a350.711$v20$zita 700 1$aElmosi,$bGuido$038971 701 1$aRotondi,$bMario$038972 801 0$aIT$bUNINA$gRICA$2UNIMARC 901 $aBK 912 $a990006279740403321 952 $aVI Z 233$b30764*$fFGBC 952 $aVI D 903$b4334$fDDA 952 $aI G 299$b28684$fFSPBC 952 $aXI B 7$b1544$fDDCIC 952 $aVI Z 233$b30764$fFGBC 952 $aURB.LE B 1409$b7499$fFARBC 959 $aDDA 959 $aFGBC 959 $aFSPBC 959 $aDDCIC 959 $aFARBC 996 $aAppalto di opere pubbliche$9639756 997 $aUNINA LEADER 01158nam--2200361---450- 001 990000357180203316 035 $a0035718 035 $aUSA010035718 035 $a(ALEPH)000035718USA01 035 $a0035718 100 $a20010313d1977----km-y0itay0103----ba 101 $aeng 102 $aUS 105 $a||||||||001yy 200 1 $aSelf-organization in nonequilibrium systems$efrom dissipative structures to order through fluctuations$fG. Nicolis and I. Prigogine 210 $aNew York$cJohn Wiley & Sons$dc1977 215 $aXII, 491 p.$cill.$d24 cm 225 2 $aA Wiley- Interscience Publication 410 $12001$aA Wiley- Interscience Publication 461 1$1001-------$12001 676 $a001.53 700 1$aNICOLIS,$bG.$016618 701 1$aPRIGOGINE,$bI.$0543418 801 0$aIT$bsalbc$gISBD 912 $a990000357180203316 951 $a001.53 NIC$b3453$c001.53 NIC$d00104943 959 $aBK 969 $aSCI 979 $aPATTY$b90$c20010313$lUSA01$h1214 979 $c20020403$lUSA01$h1643 979 $aPATRY$b90$c20040406$lUSA01$h1625 996 $aSelf-organization in nonequilibrium systems$9876555 997 $aUNISA